00339nam a2200145Ia 450000500170000000800460001703700290006304000200009204100130011208400250012510000150015024500100016526000090017530000090018420250508150525.0008 250505s9999 xx 000 0 hin d aBooks to be hide in OPAC aFEDLbengcFEDL ahin2eng a891.433, PRE/OqFEDL aPrem Chand 0aGodan c1993 a482p